000 01127cam a2200217 4500
001 X105815
008 000000n2000 000 0 eng u
035 _a(Sirsi) u105815
245 _aPlanning permission: application for judicial review
260 _c2000
490 _aEstates Gazette Case Summaries
_v{2000} EGCS 55(1)
520 _aCA 12 April 2000. "R v North West Leicestershire DC and another, ex parte Moses". The Council granted planning permission for the extension of a runway, on which work began. The applicant then sought a judicial review contending that the council should have required an environmental statement before granting consent, and submitted that the court should grant relief. "Held" application dismissed.
650 _aPLANNING PERMISSION
650 _aJUDICIAL REVIEW
650 _aAIRPORTS
650 _aENVIRONMENTAL STATEMENT
650 _aTOWN AND COUNTRY PLANNING (ASSESSMENT OF ENVIRONMENTAL EFFECTS) REGULATIONS 1998
650 _aR V NORTH WEST LEICESTERSHIRE DC AND ANOTHER EX P MOSES
690 _aENVIRONMENTAL AND LAND CONSULTANCY-PLANNING AND DEVELOPMENT
942 _n0
999 _c63362
_d63362